00673nam a22001817a 4500999001900000005001700019010001500036020002700051035001400078037001300092082001600105245009800121260005200219270004000271300002600311942003000337952012400367 c188396d18839620230406114231.0 aENG-132741 a9780199489015c1450.00 aEN-116273 bDBAD/PUB a954.0420924 aSelected Works of Jawaharlal Nehru:b7 February - 15 March 1962/cEdited by Madhavan K. Palat aNew DelhibJawaharlal Nehru Memorial Fundc2015 aTeen Murti HousebNew Delhie110011 axxv, 722p.c25cm(hbk) 2ddccENh954.0420924mSEL 001040708REFaLbLd2022-05-20eDBAD/PUBg799.00l0o954.0420924 SELpEN-116273r2022-05-20 00:00:00t1v1450.00yEN